000 00674nam a2200205 a 4500
001 000008265
005 20200929161324.0
008 741017s1966 sp 000 f spa d
040 _aDO-SdBNP
_bspa
_cBNPHU
082 _a863.6
_bP438t
100 1 _aPérez de Ayala, Ramón,
_d1880-1962
_915031
245 1 0 _aTroteras y danzaderas /
_cRamón Pérez de Ayala ; prólogo de J. García mercadal.
260 _aMadrid :
_bEdaf,
_c1966.
300 _a356 p. :
_bil. ;
_c19 cm.
490 0 _aBiblioteca Edaf
_v51
650 4 _aNovela española
_91123
650 4 _aLiteratura española
_9632
700 1 _aGarcía mercadal, J.,
_epról.
_922397
830 0 _aBiblioteca Edaf ;
_v51
_96779
999 _c8036
_d8036